00409nam a2200145 a 4500001000500000005001700005008004100022020001500063050002600078245001900104250002700123260004600150440004000196650002700236414020140414131931.0090218s19uu xx 00 eng d a0809494582 aREF 031.02bCh43 2004 aAmazing facts. aAuthorized English ed. aAlexandria, Va :bTime-Life Books,c1994. aA Child's first library of learning aQuestions and answers.